Encuentro con flo /

Guardado en:
Autor Principal: Escudero, Laura
Formato: Libro
Publicado: Buenos Aires : Sm, 2012
Series:El barco de vapor
Materias:
Etiquetas: Agregar Etiqueta
Sin Etiquetas, Sea el primero en etiquetar este registro!
LEADER 00751nam a22002655a 4500
001 CEM.cems018137
005 20140325135016.0
008 130507s2012##################000#0#####d
003 CEMS
020 |a 9789875730533 
082 0 4 |a A863.4 
100 1 |a Escudero, Laura 
245 1 0 |a Encuentro con flo /  |c Laura Escudero 
260 |a Buenos Aires :  |b Sm,  |c 2012 
300 |a 176 p. 
490 0 |a El barco de vapor 
500 |a A partir de 12 años 
653 |a Literatura 
653 |a Literatura argentina 
653 |a Novelas 
653 |a Novela argentina 
653 |a Literatura juvenil 
653 |a Novela juvenil 
653 |a Ministerio de educación-colección literaria 
859 |a CEMS  |b BIB. CEMS - Agricultura  |h A863.4  |i Es197  |p A2125.14  |t Ej.1